Upside Down Flags #1 - Statistics

General Stats
  • This quiz has been taken 108 times
  • The average score is 18 of 20
Answer Stats
Picture Answer % Correct
Finland
99%
Indonesia
99%
Iran
99%
Taiwan
99%
Belarus
97%
Kosovo
97%
Sweden
97%
Thailand
97%
Belgium
95%
Iraq
95%
Uzbekistan
93%
Estonia
91%
Eswatini
91%
Yemen
91%
Jordan
89%
Djibouti
86%
Central African Republic
85%
Fiji
85%
Togo
84%
Rwanda
83%
No matching quizzes found
Score Distribution
Percent of People with Each Score
Percentile by Number Answered
Your Score History
You have not taken this quiz